00733nam a22002657a 4500003000200000005001700002008000200019010001300021020002300034035002300057037001600080040001500096082001500111245010600126246000600232260004000238270004400278300002100322500002100343650001500364650002800379700002100407700001900428710002000447020180723150038.00 aB-167044 c00.00a78061966700 aB-167044, B-167045 bCen Lib/Ret aDPLbENc0 a338.9bREF aReflections on the right to development /cedited by Arjun Sengupta, Archna Negi [and] Moushumi Basu  b  bSage publications c2005aNew Delhi bNew DelhiaB-42, Pancheel park enclave  a366p.c24cm(pbk) aIncludes index  aEconomics  aEconomical development  aSengupta, Arjun  aNegi, Archana  aBasu, Moushumi